Friedhöfe in Wien - Statistiken

Allgemein
  • Dieses Quiz wurde 17 mal gespielt
  • Das Durchschnittsergebnis liegt bei 9 aus 46
Antwortstatistiken
Hint Antwort % Korrekt
1170 Hernalser Friedhof
81%
1160 Ottakringer Friedhof
63%
1120 Meidlinger Friedhof
44%
1190 Döblinger Friedhof
38%
1130 Hietzinger Friedhof
38%
1180 Pötzleinsdorfer Friedhof
38%
1140 Baumgartner Friedhof
31%
1190 Grinzinger Friedhof
31%
1220 Kagraner Friedhof
31%
1190 Sieveringer Friedhof
31%
1110 Simmeringer Friedhof
31%
1110 Wiener Zentralfriedhof
31%
1170 Dornbacher Friedhof
25%
1180 Gersthofer Friedhof
25%
1190 Heiligenstädter Friedhof
25%
1140 Hütteldorfer Friedhof
25%
1210 Jedleseer Friedhof
25%
1180 Neustifter Friedhof
25%
1220 Stadlauer Friedhof
25%
1210 Strebersdorfer Friedhof
25%
1220 Asperner Friedhof
19%
1230 Atzgersdorfer Friedhof
19%
1220 Esslinger Friedhof
19%
1130 Lainzer Friedhof
19%
1120 Altmannsdorfer Friedhof
13%
1220 Breitenleer Friedhof
13%
1230 Erlaaer Friedhof
13%
1230 Friedhof Rodaun
13%
1120 Hetzendorfer Friedhof
13%
1230 Inzersdorfer Friedhof
13%
1210 Leopoldauer Friedhof
13%
1110 Feuerhalle Simmering
6%
1230 Friedhof Liesing
6%
1230 Friedhof Mauer
6%
1230 Friedhof Siebenhirten
6%
1120 Südwestfriedhof
6%
1220 Süßenbrunner Friedhof
6%
1140 Friedhof Hadersdorf-Weidlingau
0%
1220 Friedhof Hirschstetten
0%
1100 Friedhof Oberlaa
0%
1210 Friedhof Stammersdorf-Ort
0%
1210 Groß-Jedlersdorfer Friedhof
0%
1110 Kaiserebersdorfer Friedhof
0%
1230 Kalksburger Friedhof
0%
1130 Ober-St.-Veiter Friedhof
0%
1210 Stammersdorfer Zentralfriedhof
0%
Keine übereinstimmenden Quizze gefunden
Verteilung der Resultate
Anzahl Personen mit jedem Resultat
Perzentil nach korrekt beantworteten Fragen
Ihre Resultats-Entwicklung
Sie haben dieses Quiz noch nicht gespielt